L'Espanya Romana

Saved in:
Bibliographic Details
Main Author: Bajo Alvarez, Fe
Format: Unknown
Language:Spanish
Catalan
Published: Sant Adrià de Besòs. Barcelona Bruño 1990
Textbook Catalogue:MANES:  Library Catalog Search Result
Textbook Classification:
Series:Pobles i Gents; 2
Tags: Add Tag
No Tags, Be the first to tag this record!
Added to:2016-04-26

MARC

LEADER 000000000a22000000004500
001 04510
003 OSt
008 160427s sp ||||| |||| 00| 0 spa d
040 |c centro_manes 
041 1 |a cat 
691 7 |a PRI 
100 1 |a Bajo Alvarez, Fe  |9 811 
245 0 0 |a L'Espanya Romana 
260 3 |a Sant Adrià de Besòs. Barcelona  |b Bruño  |c 1990 
300 |a 63 p.  |c 27x19 cm 
440 |a Pobles i Gents; 2  |9 853 
500 |a Fecha de publicación tomada del Depósito Legal 
690 0 |a EyL 
942 |2 ddc  |c BK 
546 |a España 
999 |c 10484  |d 10484 
999 |c manes:10484  |d 10484